Składnik ciasta na naleśniki. - Statystyki

Ogólne statystyki
  • Ten quiz został rozwiązany 265 razy
  • Średni wynik to 5 z 6
Statystyki odpowiedzi
Hint Odpowiedź % Poprawnych
2. Mąka
94%
3. Mleko
93%
4. Jajko
91%
1. Woda
87%
6. Olej
70%
5. Sól
65%
Nie znaleziono quizów pasujących do podanych kryteriów
Rozkład punktacji
Procent ludzi z każdym wynikiem
Percentyl według liczby udzielonych odpowiedzi
Twoja historia wyników
Nie rozwiązałeś tego quizu